000 00863nam a2200205 a 4500
001 BRCA_1639
005 20190320203505.0
008 010905s1982----sp-a---f##---#001-0#spa-#
050 4 _aND813.T4
_b.G74 1982
245 1 0 _aEl Greco de Toledo
_ctextos de Jonathan Brown... [et al.] ; versión española de Carlota Millán, Ángel Schmidt y Julia Silva.
260 _aToledo, Ohio
_bThe Toledo Museum of Art : Ministerio de Cultura : Fundación Banco Urquijo
_c1982.
300 _a279 p.
_bil. (algunas a color)
_c30 cm.
500 _aCatálogo de la exposición realizada en el Museo de Toledo (Madrid, España), 26 septiembre - 21 noviembre, 1982
500 _aIncluye índice analítico
504 _aBibliografía: p. 265-274
700 1 _aSchmidt, Ángel
_95131
700 1 _aMillan, Carlota
_95132
700 1 _aBrown, Jonathan
_d1939-
_95133
942 _2lcc
_cB
999 _c1441
_d1441